Dolnosaskí poslanci na Spiši

Bibliographic Details
Format: Article
Language:Slovak
PhysicalDescription:Fotogr.
Subjects:

MARC

LEADER 00000nab a2200000 ar4500
001 vtls009154214
003 SK-MaSNL
005 20260305040256.0
008 071029c2007 xo wr|p|||||||000 b|slo
038 |a PPPK 
040 |a PPPKCL  |b slo  |c PPPKCL  |e AACR2 
041 0 |a slo 
044 |a xo  |c SK 
080 |a 323.15  |x (=214.58)  |2 1997 
080 |a 316.4.063.3  |x (=214.58)  |2 1997 
080 |a 323.13  |x (=214.58)  |2 1997 
245 0 0 |a Dolnosaskí poslanci na Spiši  |c [autor] (kva), (mna) 
300 |b Fotogr. 
648 7 |a 2007  |2 pppkcl  |9 313226 
650 0 7 |a Rómovia  |x integrácia  |2 pppkcl  |9 1414523 
650 0 7 |a integrácia  |2 pppkcl  |9 24105 
650 0 7 |a monitoring  |2 pppkcl  |9 317690 
651 7 |a Jánovce (Poprad, Slovensko)  |2 pppkcl  |9 163357 
651 7 |a Poprad (Slovensko : okres)  |2 pppkcl  |9 28675 
651 7 |a Žehra (Slovensko)  |2 pppkcl  |9 51867 
651 7 |a Spišská Nová Ves (Slovensko : okres)  |2 pppkcl  |9 22259 
773 0 |t Podtatranské noviny  |g Roč. XLVIII, č. 20 (2007), s. 2 
852 |a PPPK  |b KIS3GCP 
958 |a RQ 
999 |c 3337608  |d 3339538